FICG 25 : Festival Internacional de Cine en Guadalajara : 12-19 de marzo de 2010 /
Kaydedildi:
| Müşterek Yazar: | |
|---|---|
| Materyal Türü: | Konferans Sunumu Kitap |
| Dil: | İspanyolca |
| Baskı/Yayın Bilgisi: |
Guadalajara, México :
Festival Internacional de Cine en Guadalajara,
2010
|
| Konular: | |
| Etiketler: |
Etiket eklenmemiş, İlk siz ekleyin!
|
MARC
| LEADER | 00000nam^a2200000^a^4500 | ||
|---|---|---|---|
| 001 | 000315714 | ||
| 005 | 20260306000000.0 | ||
| 009 | 20260407173234.892 | ||
| 037 | |a Acervo ITESO - Biblioteca | ||
| 041 | |a ESP | ||
| 082 | |a 302. 23550972352 |b FICG 2010 | ||
| 111 | |a Festival Internacional de Cine en Guadalajara ( |n 25° : |d 2010 : |c Guadalajara, México) | ||
| 240 | 1 | 1 | |a [FICG] |
| 240 | 1 | 1 | |a [FICG: catálogos] |
| 240 | 1 | 1 | |a [FICG 25] |
| 240 | 1 | 1 | |a [Festival Internacional de Cine en Guadalajara] |
| 240 | 1 | 1 | |a [Festival Internacional de Cine en Guadalajara: catálogos] |
| 240 | 1 | 1 | |a [Festival Internacional de Cine en Guadalajara 2010] |
| 245 | 1 | 0 | |a FICG 25 : |b Festival Internacional de Cine en Guadalajara : 12-19 de marzo de 2010 / |
| 264 | 1 | |a Guadalajara, México : |b Festival Internacional de Cine en Guadalajara, |c 2010 | |
| 300 | |a 360 p. | ||
| 336 | |a texto |b txt |2 rdacontenido | ||
| 337 | |a sin mediación |b n |2 rdamedio | ||
| 338 | |a volumen |b nc |2 rdasoporte | ||
| 546 | |a Edición bilingüe español-inglés | ||
| 585 | |a Festival Internacional de Cine en Guadalajara (25°: 2010) | ||
| 586 | |a Premio Nacional de Ciencias y Artes, categoría Bellas Artes (73°: 2022): Biografías, crítica e interpretación | ||
| 649 | |a XX | ||
| 650 | |a Cineastas Franceses - |x Homenajes | ||
| 650 | |a Actores Mexicanos - |x Homenajes | ||
| 650 | |a Mujeres Francesas - |x Homenajes | ||
| 650 | |a Mujeres Mexicanas - |x Homenajes | ||
| 650 | |a Películas Infantiles - |z Iberoamérica - |x Ciclos y Retrospectivas | ||
| 650 | |a Cine de Animación - |z Francia - |x Ciclos y Retrospectivas | ||
| 650 | |a Música en el Cine - |x Ciclos y Retrospectivas | ||
| 650 | |a Cine Mexicano - |x Festivales - |x Catálogos - |x Tema Principal | ||
| 650 | |a Cine Mexicano - |x Ciclos y Retrospectivas | ||
| 650 | |a Cine Mexicano - |x Historia y Crítica | ||
| 650 | |a Cine Mexicano - |y 2010-2019 | ||
| 650 | |a Cine Mexicano - |y Siglo XX | ||
| 650 | |a Cine Mexicano - |y Siglo XXI | ||
| 650 | |a Cine Andaluz - |x Ciclos y Retrospectivas | ||
| 650 | |a Cine Español - |x Ciclos y Retrospectivas | ||
| 650 | |a Cine Iberoamericano - |x Festivales - |x Catálogos - |x Tema Principal | ||
| 650 | |a Cine Iberoamericano - |x Historia y Crítica | ||
| 650 | |a Cine Iberoamericano - |y 2010-2019 | ||
| 650 | |a Cine Iberoamericano - |y Siglo XXI | ||
| 650 | |a Cine Francés - |x Ciclos y Retrospectivas | ||
| 650 | |a Cine - |z Guadalajara, Jalisco - |x Festivales - |x Catálogos - |x Tema Principal | ||
| 650 | |a Cine - |z México - |x Festivales - |x Catálogos | ||
| 650 | |a Cine - |x Festivales - |x Catálogos | ||
| 650 | |a Pardavé, Joaquín | ||
| 650 | |a Rojo, María | ||
| 650 | |a Varda, Agnès | ||
| 910 | |a Fondo General | ||
| 920 | |a Impresos - Libros | ||
| 930 | |a Obras de Referencia | ||
| 905 | |a 102 | ||
| 901 | |a 0500202633 |b IT2 |c REF |i D56686 |u 20260306 | ||
| 902 | |a https://opac.biblio.iteso.mx/vufind/Record/000315714 | ||